John Bowlby and Attachment Theory (Record no. 8215)
[ view plain ]
| 000 -LEADER | |
|---|---|
| fixed length control field | 01133cam a22001934a 4500 |
| 005 - ΗΜΕΡΟΜΗΝΙΑ ΚΑΙ ΩΡΑ ΤΕΛΕΥΤΑΙΑΣ ΕΝΗΜΕΡΩΣΗΣ | |
| Πεδίο ελέγχου | 20250605164330.0 |
| 008 - FIXED-LENGTH DATA ELEMENTS--GENERAL INFORMATION | |
| Πεδίο ελέγχου σταθερού μήκους | 250528s ||||||||||||||||||||||||d |
| 035 ## - SYSTEM CONTROL NUMBER | |
| System control number | 23185 |
| 020 ## - ISBN | |
| ISBN | 9780415077303 |
| 040 ## - ΠΗΓΗ ΚΑΤΑΛΟΓΟΓΡΑΦΗΣΗΣ | |
| Φορέας πρωτότυπης καταλογογράφησης | MC Athens Campus Library |
| Γλώσσα καταλογογράφησης | Ελληνικά, Μοντέρνα (1453-) |
| Modifying agency | MC Athens Campus Library |
| Κανόνες περιγραφικής καταλογογράφησης | AACR2 |
| 245 1# - ΤΙΤΛΟΣ ΚΑΙ ΔΗΛΩΣΗ ΥΠΕΥΘΥΝΟΤΗΤΑΣ | |
| Τίτλος | John Bowlby and Attachment Theory |
| 260 ## - PUBLICATION, DISTRIBUTION, ETC. | |
| Name of publisher, distributor, etc. | Routledge - Taylor & Francis Group, |
| Date of publication, distribution, etc. | 2005 |
| 300 ## - PHYSICAL DESCRIPTION | |
| Extent | 252 |
| 520 ## - SUMMARY, ETC. | |
| Summary, etc. | This book is one of the most important theoretical developments in Psychoanalysis since Freud. Acknowledgements, Introduction, Origins, Biographical, Maternal Deprivation, Attachment Theory, Attachment and Anxiety and Internal Working Models, Loss and Anger and Grief, Attachment Theory and Personality Development: The Research Evidence, mplications, Bowlby and the Inner World: Attachment Theory and Psychoanalysis, Attachment Theory and the Practice of Psychotherapy, Attachment Theory and Psychiatric Disorder, Attachment Theory and Society, Epilogue,Glossary of Terms Relevant to Attachment Theory, Chronology of John Bowlby, Bibliography, Index. |
| 700 1# - ΠΡΟΣΘΕΤΗ ΑΝΑΓΡΑΦΗ--ΦΥΣΙΚΟ ΠΡΟΣΩΠΟ | |
| Personal name | Holmes Jeremy |
| 9 (RLIN) | 8763 |
| 942 ## - ADDED ENTRY ELEMENTS (KOHA) | |
| Koha item type | Books |
| Τύπος τεκμηρίου | Βιβλιοθήκη | Τρέχουσα τοποθεσία | Barcode | Αριθμός εισαγωγής | Ημερομηνία απόκτησης | Ταξιθετικό σύμβολο | Αριθμός αντιτύπου | Κατάσταση απόσυρσης | Κατάσταση χαμένου | Κατάσταση κατεστραμμένου | Μη δανεισμός | Σύνολο δανεισμών | Σύνολο ανανεώσεων | Ημερομηνία λήξης | Ημερομηνία τελευταίας εμφάνισης | Χρονολογία τελευταίου δανεισμού | Η τιμή ισχύει από |
|---|---|---|---|---|---|---|---|---|---|---|---|---|---|---|---|---|---|
| Books | MC Athens Campus Library | MC Athens Campus Library | 9780000082145 | 7603 | 05/06/2025 | 155.418 HOL | 1 | 5 | 7 | 13/04/2026 | 30/03/2026 | 30/03/2026 | 05/06/2025 |